000
00247nam a2200097Ia 4500
082
_a
EJF LEWI
245
0
_a
Trevor's boat hunt
100
_a
LEWIS, Rob London, 2003
_9
98591
942
_c
BK
008
210817s9999 xx 000 0 und d
999
_c
418668
_d
418667